Vista normal
Vista MARC
Entrada Materia (tema)
Número de registros utilizados en: 1
001 - CONTROL NUMBER
- control field: 178660
003 - CONTROL NUMBER IDENTIFIER
- control field: Co-BoUCM
005 - DATE AND TIME OF LATEST TRANSACTION
- control field: 20230830090808.0
008 - FIXED-LENGTH DATA ELEMENTS
- fixed length control field: 230830|| aca||aabn | a|a d
040 ## - CATALOGING SOURCE
- Original cataloging agency: Co-BoUCM
- Transcribing agency: Co-BoUCM
150 ## - HEADING--TOPICAL TERM
- Topical term or geographic name as entry element: Construccion
- General subdivision: Mantenimiento y reparacion
- General subdivision: Fundamentos
670 ## - SOURCE DATA FOUND
- Source citation: Work cat.: (Co-BoUCM): Arango Londoño, Juan Fernando 178659, Patologia de la construccion :, 2022